The new entrepreneurs : Innovation in American business

Αποθηκεύτηκε σε:
Λεπτομέρειες βιβλιογραφικής εγγραφής
Κύριος συγγραφέας: Gevirtz, Don
Μορφή: Βιβλίο
Γλώσσα:Undetermined
Έκδοση: New York Penguin Books 1984
Θέματα:
Ετικέτες: Προσθήκη ετικέτας
Δεν υπάρχουν, Καταχωρήστε ετικέτα πρώτοι!
Thư viện lưu trữ: Trung tâm Học liệu Trường Đại học Cần Thơ
LEADER 00558nam a2200217Ia 4500
001 CTU_86642
008 210402s9999 xx 000 0 und d
082 |a 658.4 
082 |b G396 
100 |a Gevirtz, Don 
245 4 |a The new entrepreneurs : 
245 0 |b Innovation in American business 
245 0 |c Don Gevirtz 
260 |a New York 
260 |b Penguin Books 
260 |c 1984 
650 |a Small business 
650 |x Management 
650 |z United states 
904 |i Năm 
980 |a Trung tâm Học liệu Trường Đại học Cần Thơ